000 00424 a2200157 4500
001 179699
020 _a
040 _cMagnum
100 _aBranco, Carlos Alberto Castelo
240 1 0 _aA maquina de pensar bonito contra o medo que o medo faz
_lpor
245 1 0 _aA maquina de pensar bonito contra o medo que o medo faz
362 0 _a1899
440 1 _aSalamandra
697 _aMAGNITO: IJ/FADAS, FANTASIA
942 _cBK
999 _c179699
_d179699